000 00412nam a22001577a 4500
999 _c164409
_d164409
005 20190517165055.0
010 _aB-083030
020 _a0751333565
035 _aB-083030
037 _bDorling Kindersley
082 _a915.44
245 _aEyewitness travel guides india /
260 _aNew York
_bDorling Kindersley
_c2002
300 _a824p
_c22cm (hbk)
942 _2ddc
_cEN
_h915.44
_mIND